[Event "Wch Seniors 50 30th"]
[Site "Assisi"]
[Date "2022.11.18"]
[Round "4"]
[White "Makropoulou, Marina"]
[Black "Rocher, Olivier"]
[Result "1-0"]
[WhiteElo "2153"]
[BlackElo "1987"]
[PlyCount "59"]
[EventDate "2022.11.15"]
[EventType "swiss"]
[EventRounds "11"]
[EventCountry "ITA"]
[SourceTitle "CBM 211 Extra"]
[Source "ChessBase"]
[SourceDate "2023.01.31"]
[SourceVersion "1"]
[SourceVersionDate "2023.01.31"]
[SourceQuality "1"]

1. e4 c5 2. Nf3 d6 3. d4 cxd4 4. Nxd4 Nf6 5. Nc3 g6 6. Be3 Bg7 7. f3 Nc6 8. Qd2 0-0 9. 0-0-0 d5 10. exd5 Nxd5 11. Nxc6 bxc6 12. Bd4 Bxd4 13. Qxd4 Qb6 14. Na4 Qc7 15. h4 h5 16. Nc5 Qf4+ 17. Qxf4 Nxf4 18. g3 Nd5 19. Bd3 Bf5 20. Bxf5 gxf5 21. Rhe1 e6 22. c4 Nb6 23. b3 Kg7 24. a4 Rad8 25. a5 Nc8 26. Rxd8 Rxd8 27. Rxe6 fxe6 28. Nxe6+ Kf6 29. Nxd8 Ne7 30. f4 1-0

[Event "FRA-chT2 East 0708"]
[Site "France"]
[Date "2008.03.15"]
[Round "8.7"]
[White "Rocher, Olivier"]
[Black "Ruch, Bernard"]
[Result "1-0"]
[WhiteElo "2120"]
[BlackElo "2041"]
[PlyCount "63"]
[EventDate "2007.10.21"]
[EventType "team-tourn"]
[EventRounds "11"]
[EventCountry "FRA"]
[SourceTitle "EXT 2009"]
[Source "ChessBase"]
[SourceDate "2008.11.26"]
[SourceVersion "1"]
[SourceVersionDate "2008.11.26"]
[SourceQuality "1"]
[WhiteTeam "Strasbourg II"]
[BlackTeam "Saverne"]
[WhiteTeamCountry "FRA"]
[BlackTeamCountry "FRA"]

1. c4 c6 2. e4 d6 3. d4 Nf6 4. Nc3 Qc7 5. Nf3 Bg4 6. Be2 Nbd7 7. 0-0 e5 8. d5 Nc5 9. Nd2 Bxe2 10. Qxe2 a5 11. b3 Be7 12. Bb2 g5 13. a3 Ncd7 14. Nd1 Nf8 15. Ne3 Ng6 16. g3 h5 17. Nf5 Bf8 18. Kh1 Ne7 19. f4 Nxf5 20. fxe5 Nxg3+ 21. hxg3 Ng4 22. exd6 Bxd6 23. Bxh8 Bxg3 24. e5 cxd5 25. cxd5 Qc5 26. Qf3 Bf4 27. Rac1 Qd4 28. Nc4 b5 29. d6 Rc8 30. d7+ Qxd7 31. Nd6+ Ke7 32. Rxc8 1-0

[Event "FRA-chT2 East 0708"]
[Site "France"]
[Date "2007.11.25"]
[Round "3.4"]
[White "Rocher, Olivier"]
[Black "Broca, Alexandre"]
[Result "0-1"]
[WhiteElo "2140"]
[BlackElo "2140"]
[PlyCount "88"]
[EventDate "2007.10.21"]
[EventType "team-tourn"]
[EventRounds "11"]
[EventCountry "FRA"]
[SourceTitle "EXT 2009"]
[Source "ChessBase"]
[SourceDate "2008.11.26"]
[SourceVersion "1"]
[SourceVersionDate "2008.11.26"]
[SourceQuality "1"]
[WhiteTeam "Strasbourg II"]
[BlackTeam "Grenoble"]
[WhiteTeamCountry "FRA"]
[BlackTeamCountry "FRA"]

1. d4 d5 2. Nf3 c5 3. dxc5 Nf6 4. b4 a5 5. c3 g6 6. Bf4 Bg7 7. Bxb8 Rxb8 8. e3 0-0 9. a3 Qc7 10. Be2 Bf5 11. Nd4 Rfd8 12. 0-0 b6 13. cxb6 Rxb6 14. Qb3 Ng4 15. Bxg4 Bxg4 16. Qa4 e5 17. Nb3 Bd7 18. Qxa5 Bb5 19. Rd1 Qb7 20. Nc5 Qc6 21. c4 Bxc4 22. e4 Ra8 23. exd5 Bxd5 24. Rxd5 Qxd5 25. Nc3 Qc6 26. Nd5 Rxa5 27. Ne7+ Kf8 28. Nxc6 Rxc5 29. bxc5 Rxc6 30. Rc1 Ke8 31. f3 Bf8 32. Rc2 Rxc5 33. Re2 Kd7 34. a4 Bd6 35. Rb2 Bc7 36. Kf2 Rc4 37. Ra2 Ba5 38. Ke3 f5 39. h3 Kd6 40. Kd3 Rc3+ 41. Ke2 h5 42. Rd2+ Ke6 43. Ra2 h4 44. Kf2 Kf6 0-1

[Event "FRA-chT2 East 0607"]
[Site "France"]
[Date "2007.03.18"]
[Round "9.5"]
[White "Carrillo, Jesus"]
[Black "Rocher, Olivier"]
[Result "0-1"]
[WhiteElo "2200"]
[BlackElo "2139"]
[PlyCount "104"]
[EventDate "2006.10.15"]
[EventType "team-tourn"]
[EventRounds "11"]
[EventCountry "FRA"]
[SourceTitle "EXT 2008"]
[Source "ChessBase"]
[SourceDate "2007.11.25"]
[SourceVersion "1"]
[SourceVersionDate "2007.11.25"]
[SourceQuality "1"]
[WhiteTeam "Metz Fischer II"]
[BlackTeam "Strasbourg II"]
[WhiteTeamCountry "FRA"]
[BlackTeamCountry "FRA"]

1. e4 c5 2. Nf3 d6 3. d4 cxd4 4. Nxd4 Nf6 5. Nc3 g6 6. Bc4 Bg7 7. Bb3 0-0 8. f3 Nbd7 9. Be3 Nc5 10. Qd2 Nxb3 11. Nxb3 Be6 12. 0-0-0 a5 13. Nd4 a4 14. a3 Qa5 15. h4 Rfc8 16. g4 Bc4 17. Bh6 Bxh6 18. Qxh6 Kh8 19. h5 Rg8 20. hxg6 fxg6 21. Rd2 Rg7 22. g5 Ng8 23. Qh4 Rf8 24. Rdh2 Rff7 25. f4 e5 26. f5 exd4 27. f6 dxc3 28. fxg7+ Kxg7 29. Qxh7+ Kf8 30. Qxg8+ Ke7 31. Rh7 Qxg5+ 32. Kb1 Qb5 33. b3 Bxb3 34. Kc1 Bc4 35. Rxf7+ Bxf7 36. Qh8 Qg5+ 37. Kb1 Qb5+ 38. Kc1 Qb2+ 39. Kd1 Qb1+ 40. Ke2 Qxc2+ 41. Kf3 Qd3+ 42. Kf4 g5+ 43. Kg4 Be6+ 44. Kxg5 Qf3 45. Kh6 Qf4+ 46. Kg7 Qf6+ 47. Kh7 Qxh8+ 48. Kxh8 c2 49. Kg7 Bb3 50. Re1 Ke6 51. Kf8 Bc4 52. Ke8 Ke5 0-1

[Event "FRA-chT2 East 0607"]
[Site "France"]
[Date "2007.01.21"]
[Round "6.5"]
[White "Lamoureux, Izabelle"]
[Black "Rocher, Olivier"]
[Result "1-0"]
[WhiteElo "2039"]
[BlackElo "2139"]
[PlyCount "123"]
[EventDate "2006.10.15"]
[EventType "team-tourn"]
[EventRounds "11"]
[EventCountry "FRA"]
[SourceTitle "EXT 2008"]
[Source "ChessBase"]
[SourceDate "2007.11.25"]
[SourceVersion "1"]
[SourceVersionDate "2007.11.25"]
[SourceQuality "1"]
[WhiteTeam "Montrevel en Bresse"]
[BlackTeam "Strasbourg II"]
[WhiteTeamCountry "FRA"]
[BlackTeamCountry "FRA"]

1. e4 c5 2. Nf3 d6 3. d4 cxd4 4. Nxd4 Nf6 5. Nc3 g6 6. Be2 Bg7 7. 0-0 0-0 8. Bg5 Nc6 9. Nb3 a6 10. a4 Be6 11. Kh1 Na5 12. Nd5 Nxd5 13. exd5 Nxb3 14. cxb3 Bf5 15. Qd2 Re8 16. Rac1 Qb6 17. b4 Rac8 18. Be3 Qd8 19. b5 Qd7 20. b3 Rxc1 21. Rxc1 Rc8 22. bxa6 bxa6 23. Bxa6 Rxc1+ 24. Qxc1 Be4 25. Qd1 Qc7 26. Bc4 Qa5 27. f3 Bf5 28. g4 Bd7 29. Kg2 Bc8 30. Bg5 Kf8 31. Qe2 e5 32. Bd2 Qd8 33. a5 f5 34. h3 h5 35. a6 hxg4 36. hxg4 fxg4 37. fxg4 Kg8 38. b4 Qh4 39. a7 Bb7 40. Qf3 Bh6 41. Bxh6 Qxh6 42. b5 Qd2+ 43. Kh3 Kg7 44. Bd3 Qa5 45. Qe4 Qxa7 46. Qxg6+ Kf8 47. Qxd6+ Kg8 48. Qe6+ Kf8 49. Qf6+ Kg8 50. Qg5+ Kf8 51. Qh6+ Kf7 52. Qh7+ Kf8 53. Qf5+ Kg8 54. Qxe5 Qc5 55. Qe6+ Kf8 56. d6 Bc8 57. Qe7+ Kg8 58. Qe8+ Kg7 59. d7 Bxd7 60. Qxd7+ Kg8 61. Qh7+ Kf8 62. Qf5+ 1-0

[Event "GER-FRA mT"]
[Site "Elsass"]
[Date "2004.??.??"]
[Round "?"]
[White "Rocher, Olivier"]
[Black "Thoms, Malte"]
[Result "1/2-1/2"]
[WhiteElo "2150"]
[BlackElo "2085"]
[PlyCount "120"]
[EventDate "2004.07.??"]
[EventType "match"]
[EventRounds "1"]
[EventCountry "GER"]
[SourceTitle "EXT 2007"]
[Source "ChessBase"]
[SourceDate "2006.11.23"]
[SourceVersion "1"]
[SourceVersionDate "2006.11.23"]
[SourceQuality "1"]

1. c4 e5 2. Nc3 Nc6 3. Nf3 Nf6 4. d4 e4 5. Ng5 h6 6. Ngxe4 Nxe4 7. Nxe4 Qh4 8. Nd2 Qxd4 9. e3 Qf6 10. a3 g6 11. Ne4 Qd8 12. Bd2 Bg7 13. Bc3 0-0 14. Be2 d6 15. 0-0 Be6 16. Bxg7 Kxg7 17. Qb3 Rb8 18. Qc3+ f6 19. f4 Kh7 20. Rad1 Qe7 21. Ng3 f5 22. Bf3 Rbe8 23. Rfe1 Qg7 24. Rd3 Qxc3 25. Rxc3 g5 26. Bh5 Bf7 27. Bxf7 Rxf7 28. Rd1 Ne7 29. c5 d5 30. Rb3 Rb8 31. c6 b6 32. Ne2 Rf6 33. Nd4 Rd8 34. Rc3 a6 35. Rdc1 Kg6 36. b4 g4 37. a4 Nc8 38. Rd3 Ne7 39. Kf2 Rdd6 40. Rdc3 Rf8 41. Rh1 Ng8 42. Ra3 Nf6 43. Rb1 Re8 44. b5 a5 45. Rd1 Ne4+ 46. Ke1 h5 47. Ke2 Rdd8 48. Rg1 Nd6 49. Rd1 Re7 50. Rc3 Ne4 51. Ra3 h4 52. Nc2 Nf6 53. Rd4 Rh8 54. Ne1 h3 55. g3 Rhe8 56. Nc2 Rh8 57. Ra1 Rhe8 58. Kd3 Re4 59. Rxe4 Rxe4 60. Nd4 Re8 1/2-1/2

[Event "FRA-chTA 9697"]
[Site "France"]
[Date "1997.??.??"]
[Round "3"]
[White "Rocher, Olivier"]
[Black "Ristic, Alexandre"]
[Result "1-0"]
[WhiteElo "2215"]
[BlackElo "2160"]
[PlyCount "157"]
[EventDate "1997.??.??"]
[EventType "team-tourn"]
[EventRounds "7"]
[EventCountry "FRA"]
[SourceTitle "EXT 1999"]
[Source "ChessBase"]
[SourceDate "1998.11.16"]
[SourceVersion "1"]
[SourceVersionDate "1998.11.16"]
[SourceQuality "1"]

1. d4 f5 2. g3 Nf6 3. Bg2 g6 4. Nf3 Bg7 5. 0-0 0-0 6. c3 d5 7. Bf4 h6 8. h4 Nbd7 9. Ne5 Kh7 10. Nxd7 Qxd7 11. Be5 Ng4 12. Bxg7 Kxg7 13. e3 Qd6 14. Nd2 g5 15. Nf3 f4 16. exf4 gxf4 17. Ne5 Nxe5 18. dxe5 Qxe5 19. Qxd5 Qxd5 20. Bxd5 c6 21. Be4 Bg4 22. Rfe1 Rad8 23. f3 Bc8 24. Re2 fxg3 25. Kg2 Rf4 26. Kxg3 e5 27. Rae1 Kf6 28. Rh1 Be6 29. b3 Bf7 30. c4 Bh5 31. Kf2 Rd4 32. Kg3 Ke6 33. Kf2 Kd6 34. Kg3 Kc5 35. a3 a5 36. Rb1 Rd7 37. Rh1 Rg7+ 38. Kf2 Rgf7 39. Rh3 a4 40. bxa4 Kxc4 41. Ke3 Kb3 42. a5 R7f6 43. Re1 Ka4 44. Rb1 Rf7 45. a6 bxa6 46. Bxc6+ Ka5 47. Be4 Rc7 48. Rb3 Be8 49. Rh1 Rc5 50. h5 Bb5 51. Kd2 Ka4 52. Rc3 Rxc3 53. Kxc3 Be2 54. Re1 Bb5 55. Bc2+ Ka5 56. Rxe5 Rxf3+ 57. Kb2 Kb6 58. Re6+ Ka5 59. Rxh6 Rf2 60. Kc1 Rf1+ 61. Kb2 Rf2 62. Kc3 Rf3+ 63. Kd4 Rxa3 64. Rh8 Rh3 65. h6 Rh2 66. Bg6 Rd2+ 67. Kc3 Rg2 68. Rg8 Rg3+ 69. Kd4 Rg4+ 70. Ke5 Bc4 71. h7 Rh4 72. h8Q Rxh8 73. Rxh8 Kb4 74. Kd4 Bb5 75. Rb8 Ka3 76. Kc3 Ka4 77. Be8 Bxe8 78. Rxe8 a5 79. Re5 1-0

[Event "FRA-chT"]
[Site "France"]
[Date "1996.??.??"]
[Round "?"]
[White "San Marco, Bruno"]
[Black "Rocher, Olivier"]
[Result "0-1"]
[WhiteElo "2245"]
[BlackElo "2215"]
[PlyCount "78"]
[EventDate "1996.??.??"]
[EventType "team-tourn"]
[EventRounds "11"]
[EventCountry "FRA"]
[SourceTitle "CBM 055 Extra"]
[Source "ChessBase"]
[SourceDate "1997.01.01"]
[SourceVersion "1"]
[SourceVersionDate "1997.01.01"]
[SourceQuality "1"]

1. c4 e5 2. g3 Nf6 3. Bg2 c6 4. d4 Bb4+ 5. Bd2 Bxd2+ 6. Qxd2 e4 7. d5 cxd5 8. cxd5 0-0 9. Nc3 Re8 10. Qd4 Qa5 11. Nh3 d6 12. Ng5 Bf5 13. 0-0 Na6 14. Ngxe4 Nxe4 15. Nxe4 Bxe4 16. Bxe4 Rac8 17. Rfc1 Rxc1+ 18. Rxc1 Qxa2 19. Bb1 Qb3 20. Qe4 Kf8 21. Qxh7 Qxb2 22. Qh8+ Ke7 23. Qh4+ Kf8 24. Qh8+ Ke7 25. Qh4+ Kf8 26. Qf4 Qe5 27. Qxe5 Rxe5 28. e4 Re8 29. f4 f6 30. e5 fxe5 31. Bg6 Rd8 32. fxe5 dxe5 33. Rf1+ Ke7 34. Rf7+ Kd6 35. Rxg7 Nc5 36. h4 Kxd5 37. h5 Ke6 38. Bf7+ Kf6 39. h6 Rh8 0-1

[Event "FRA-chT"]
[Site "France"]
[Date "1995.??.??"]
[Round "8"]
[White "Rocher, Olivier"]
[Black "Eustache, Boris"]
[Result "1-0"]
[WhiteElo "2210"]
[BlackElo "2220"]
[PlyCount "139"]
[EventDate "1995.??.??"]
[EventType "team-tourn"]
[EventRounds "5"]
[EventCountry "FRA"]
[SourceTitle "EXT 2005"]
[Source "ChessBase"]
[SourceDate "2004.11.15"]
[SourceVersion "1"]
[SourceVersionDate "2004.11.15"]
[SourceQuality "1"]

1. d4 e6 2. g3 Nf6 3. Bg2 d5 4. Nf3 Be7 5. 0-0 0-0 6. c4 dxc4 7. Qc2 a6 8. a4 Bd7 9. Ne5 Bc6 10. Nxc6 Nxc6 11. e3 Na5 12. Nd2 c5 13. dxc5 Rc8 14. b4 cxb3 15. Nxb3 Nxb3 16. Qxb3 Bxc5 17. Rd1 Qe7 18. Qxb7 a5 19. Qxe7 Bxe7 20. Bd2 Rc5 21. Rdc1 Rfc8 22. Rxc5 Rxc5 23. Rb1 Rc4 24. Rb8+ Bf8 25. Bxa5 Rxa4 26. Bd8 Ra1+ 27. Bf1 h6 28. Kg2 Nh7 29. Bd3 g6 30. Bc7 Rd1 31. Bb1 Nf6 32. h4 Nd7 33. Rb7 Nc5 34. Rb2 Bd6 35. Bc2 Rd2 36. Ba5 Be5 37. Bxd2 Bxb2 38. e4 Kg7 39. Be3 Nd7 40. Ba4 Nf6 41. f3 h5 42. Bc6 Bc3 43. Bc5 Bb2 44. Bb6 Bc3 45. Kf2 Bb2 46. Ke3 Bc3 47. Kd3 Ba1 48. Bc5 Bb2 49. Kc2 Ba1 50. Kb1 Bc3 51. Kc2 Ba1 52. Kb1 Be5 53. Bf2 Bc3 54. Kc2 Be5 55. Kd3 Bb2 56. Bd4 Bxd4 57. Kxd4 Ng8 58. Ke5 Kf8 59. Kd6 Kg7 60. e5 Nh6 61. Be4 Kf8 62. Bxg6 fxg6 63. Kxe6 Kg7 64. Kd7 Nf5 65. g4 Nxh4 66. e6 Nxf3 67. e7 hxg4 68. e8Q g3 69. Qe7+ Kg8 70. Ke8 1-0

[Event "EU-Cup 11th Group5"]
[Site "Vilnius"]
[Date "1995.??.??"]
[Round "3"]
[White "Rocher, Olivier"]
[Black "Kushch, Nikolai"]
[Result "0-1"]
[WhiteElo "2205"]
[BlackElo "2375"]
[PlyCount "148"]
[EventDate "1995.09.??"]
[EventType "team-k.o."]
[EventRounds "3"]
[EventCountry "LTU"]
[SourceTitle "EXT 2020"]
[Source "ChessBase"]
[SourceDate "2019.10.17"]
[SourceVersion "1"]
[SourceVersionDate "2019.10.17"]
[SourceQuality "1"]
[WhiteTeam "Strasbourg"]
[BlackTeam "Zaporizhzhia Avtozaz"]
[WhiteTeamCountry "FRA"]
[BlackTeamCountry "UKR"]

1. d4 Nf6 2. c4 e6 3. g3 c5 4. Nf3 cxd4 5. Nxd4 a6 6. Bg2 Qc7 7. b3 Bb4+ 8. Bd2 Be7 9. 0-0 0-0 10. Nc3 d6 11. Rc1 Nbd7 12. h3 Rd8 13. e4 Nf8 14. Kh2 Bd7 15. Qc2 Rac8 16. Rfd1 Qb8 17. Be3 Ng6 18. Bf1 Re8 19. Bg2 Bd8 20. a4 h5 21. Bg5 h4 22. Bxh4 Nxh4 23. gxh4 g6 24. f4 Nh5 25. Qd2 d5 26. Nde2 Bc7 27. cxd5 Bxf4+ 28. Nxf4 Nxf4 29. d6 Nxg2 30. Qxg2 Rc5 31. e5 Rxe5 32. Ne4 Qd8 33. h5 Rxh5 34. Rc7 Bc6 35. Rxc6 bxc6 36. d7 Rf8 37. Qb2 e5 38. Rd6 Rf5 39. Ng3 Rg5 40. h4 Rg4 41. Qxe5 Qxh4+ 42. Kg2 Rd8 43. Qe8+ Kg7 44. Qe5+ Kf8 45. Rxc6 Rxg3+ 46. Qxg3 Qxg3+ 47. Kxg3 Rxd7 48. Rxa6 Rb7 49. a5 Rxb3+ 50. Kf4 Kg7 51. Ra7 Rb5 52. Kg4 Rb4+ 53. Kf3 Ra4 54. Kg3 Kf6 55. Kf3 Ke6 56. Kg3 f6 57. Ra8 Kf5 58. a6 Ra3+ 59. Kf2 Kg5 60. a7 f5 61. Kg2 f4 62. Kf2 Kg4 63. Rg8 Ra2+ 64. Kg1 Rxa7 65. Rxg6+ Kf3 66. Rb6 Ra1+ 67. Kh2 Re1 68. Rg6 Rf1 69. Re6 Kf2 70. Ra6 Re1 71. Ra2+ Kf1 72. Kh3 Re3+ 73. Kg4 f3 74. Rh2 f2 0-1

[Event "FRA-chT2 9495"]
[Site "France"]
[Date "1994.??.??"]
[Round "?"]
[White "Dubois, Jean Marie"]
[Black "Rocher, Olivier"]
[Result "0-1"]
[WhiteElo "2310"]
[BlackElo "2220"]
[PlyCount "60"]
[EventDate "1994.??.??"]
[EventType "team-tourn"]
[EventRounds "11"]
[EventCountry "FRA"]
[SourceTitle "EXT 2008"]
[Source "ChessBase"]
[SourceDate "2007.11.25"]
[SourceVersion "1"]
[SourceVersionDate "2007.11.25"]
[SourceQuality "1"]

1. e4 Nf6 2. e5 Nd5 3. Nc3 Nxc3 4. dxc3 d5 5. Bf4 c5 6. Qd2 Bf5 7. Ne2 e6 8. Ng3 Bg6 9. Bd3 Nc6 10. h4 Qc7 11. 0-0-0 Bxd3 12. Qxd3 Nxe5 13. Bxe5 Qxe5 14. Qb5+ Kd8 15. Rhe1 Qf4+ 16. Kb1 Kc7 17. Re4 Qd6 18. Qe2 Qc6 19. Re3 Bd6 20. Qf3 Raf8 21. Nh5 Rhg8 22. g4 Kc8 23. g5 Bc7 24. Qg4 Rd8 25. f4 Kb8 26. Qe2 Qa4 27. b3 Qc6 28. Red3 c4 29. bxc4 Qxc4 30. Rd4 Qxe2 0-1

[Event "FRA"]
[Site "France"]
[Date "1993.??.??"]
[Round "?"]
[White "Bouton, Christophe"]
[Black "Rocher, Olivier"]
[Result "1/2-1/2"]
[WhiteElo "2210"]
[BlackElo "2195"]
[PlyCount "125"]
[EventDate "1993.??.??"]
[EventType "team-tourn"]
[EventRounds "11"]
[EventCountry "FRA"]
[SourceTitle "TD"]
[Source "ChessBase"]
[SourceDate "1994.03.01"]
[SourceVersion "1"]
[SourceVersionDate "1994.03.01"]
[SourceQuality "1"]

1. d4 Nf6 2. c4 g6 3. Nc3 Bg7 4. e4 d6 5. Be2 0-0 6. Nf3 e5 7. 0-0 Nc6 8. d5 Ne7 9. Nd2 c5 10. a3 a6 11. b4 Nd7 12. bxc5 Nxc5 13. Nb3 b6 14. Rb1 Bd7 15. Bd2 Qc7 16. Qc2 Rab8 17. Nxc5 bxc5 18. Bg5 f6 19. Bd2 Kh8 20. Rxb8 Rxb8 21. Rb1 Ng8 22. Rb2 Bh6 23. Bxh6 Nxh6 24. Qb1 Rxb2 25. Qxb2 Nf7 26. Kf1 Kg7 27. Ke1 Nd8 28. Bd1 Qb7 29. Qb3 Kf7 30. Kd2 Ke7 31. g3 Qxb3 32. Bxb3 Nb7 33. Nd1 Na5 34. Kc3 Bg4 35. Ne3 Bf3 36. Bc2 Be2 37. Bd1 Bxd1 38. Nxd1 f5 39. f3 Kf6 40. h4 fxe4 41. fxe4 Nb7 42. Nf2 h6 43. Ng4+ Kg7 44. Ne3 h5 45. Kb3 Kf6 46. Ka4 Ke7 47. Nd1 Kd7 48. Nf2 Kc7 49. Nh3 Kb6 50. Kb3 Na5+ 51. Kc3 Nb7 52. Ng5 Nd8 53. Kc2 Ka5 54. Kb3 Kb6 55. Nh7 Nf7 56. Nf6 Ka5 57. Ne8 Kb6 58. Ka4 a5 59. Kb3 Kb7 60. Ka4 Ka6 61. Kb3 Kb7 62. Kc2 Kc8 63. Kb3 1/2-1/2

[Event "FRA"]
[Site "France"]
[Date "1993.??.??"]
[Round "?"]
[White "Gervais, Claire"]
[Black "Rocher, Olivier"]
[Result "1-0"]
[WhiteElo "2185"]
[BlackElo "2195"]
[PlyCount "59"]
[EventDate "1993.??.??"]
[EventType "team-tourn"]
[EventRounds "11"]
[EventCountry "FRA"]
[SourceTitle "TD"]
[Source "ChessBase"]
[SourceDate "1994.03.01"]
[SourceVersion "1"]
[SourceVersionDate "1994.03.01"]
[SourceQuality "1"]

1. d4 g6 2. c4 Bg7 3. Nc3 d6 4. e4 Nc6 5. Be3 e5 6. Nge2 f5 7. f3 Nf6 8. d5 Ne7 9. exf5 gxf5 10. Qd2 c5 11. dxc6 bxc6 12. Rd1 f4 13. Bc5 Nf5 14. Bxd6 Ne3 15. Bxe5 Qxd2+ 16. Rxd2 Nxc4 17. Bxf4 Nxd2 18. Bxd2 Ba6 19. Nd4 Bxf1 20. Rxf1 Kd7 21. Nf5 Rhe8+ 22. Kf2 Bf8 23. Rd1 Kc7 24. Bg5 Bc5+ 25. Kf1 Rf8 26. Ng7 Kb6 27. Na4+ Kb5 28. Nxc5 Nd5 29. Ne4 Rg8 30. Nf5 1-0

[Event "Baden-Elsass m"]
[Site "Weil am Rhein"]
[Date "1993.??.??"]
[Round "?"]
[White "Kratochwil, Christian"]
[Black "Rocher, Olivier"]
[Result "0-1"]
[WhiteElo "2315"]
[BlackElo "2195"]
[PlyCount "122"]
[EventDate "1993.??.??"]
[EventType "team-tourn"]
[EventRounds "1"]
[EventCountry "GER"]
[SourceTitle "EXT 2005"]
[Source "ChessBase"]
[SourceDate "2004.11.15"]
[SourceVersion "1"]
[SourceVersionDate "2004.11.15"]
[SourceQuality "1"]

1. c4 e5 2. g3 Nf6 3. Bg2 c6 4. d4 exd4 5. Qxd4 d5 6. Nf3 Be6 7. cxd5 cxd5 8. 0-0 Nc6 9. Qa4 Bc5 10. Nbd2 0-0 11. Nb3 Bb6 12. Nbd4 Bd7 13. Qd1 Re8 14. e3 Bg4 15. h3 Bh5 16. Nxc6 bxc6 17. Qa4 Qd6 18. Qf4 Qf8 19. Qa4 Qd6 20. Qf4 Qd7 21. Nd4 c5 22. Nf5 Bc7 23. Qg5 Bg6 24. Nh6+ Kh8 25. Ng4 Ne4 26. Bxe4 Bxe4 27. f3 Qd6 28. Qf4 Qe7 29. fxe4 Bxf4 30. Rxf4 dxe4 31. Bd2 Rad8 32. Bc3 Rd3 33. Raf1 Rxc3 34. bxc3 f6 35. Nf2 Qb7 36. Rd1 h6 37. Rf5 Qc7 38. Kg2 Re5 39. Rd5 Rxf5 40. Rxf5 Qc6 41. c4 g6 42. Rd5 f5 43. h4 h5 44. Nh3 Kg7 45. Nf4 Kf7 46. Re5 Qa4 47. Rxc5 Qxa2+ 48. Kh3 Qb1 49. Rc7+ Kf6 50. Kh2 Qc2+ 51. Ng2 a5 52. Ra7 a4 53. c5 Ke6 54. Kh3 Kd5 55. Nf4+ Kc6 56. Nxg6 Qd1 57. Kh2 Kxc5 58. Nf4 Qd2+ 59. Kh1 Qxe3 60. Ra5+ Kc6 61. Rxa4 Qc1+ 0-1

[Event "FRA"]
[Site "France"]
[Date "1993.??.??"]
[Round "?"]
[White "Tagnon, Nicole"]
[Black "Rocher, Olivier"]
[Result "0-1"]
[WhiteElo "2070"]
[BlackElo "2195"]
[PlyCount "92"]
[EventDate "1993.??.??"]
[EventType "team-tourn"]
[EventRounds "11"]
[EventCountry "FRA"]
[SourceTitle "TD"]
[Source "ChessBase"]
[SourceDate "1994.03.01"]
[SourceVersion "1"]
[SourceVersionDate "1994.03.01"]
[SourceQuality "1"]

1. e4 Nf6 2. e5 Nd5 3. d4 d6 4. Bc4 Nb6 5. Bb3 dxe5 6. Qh5 e6 7. dxe5 a5 8. a4 Na6 9. Nf3 Nc5 10. Ng5 g6 11. Qf3 Qe7 12. Ne4 Nxe4 13. Qxe4 Qb4+ 14. Qxb4 axb4 15. 0-0 Bd7 16. a5 Bb5 17. Re1 c5 18. Be3 Nd7 19. c4 Bc6 20. f4 b6 21. a6 Ra7 22. Nd2 Be7 23. Ba4 Bxa4 24. Rxa4 Kd8 25. Ne4 Kc7 26. g4 Rha8 27. Rea1 Nb8 28. f5 Rxa6 29. Rxa6 Rxa6 30. Rxa6 Nxa6 31. f6 Bf8 32. b3 h6 33. Kf2 Nb8 34. h4 Nc6 35. g5 h5 36. Bf4 Nd4 37. Nd2 Kc6 38. Kg3 b5 39. Kf2 bxc4 40. bxc4 b3 41. Be3 b2 42. Bxd4 cxd4 43. Ke2 Bb4 44. Nb1 Kc5 45. Kd3 Be1 46. Kc2 Kxc4 0-1

[Event "FRA-chT"]
[Site "France"]
[Date "1992.??.??"]
[Round "?"]
[White "Haik, Aldo"]
[Black "Rocher, Olivier"]
[Result "1-0"]
[WhiteElo "2375"]
[BlackElo "2220"]
[PlyCount "71"]
[EventDate "1992.??.??"]
[EventType "team-tourn"]
[EventRounds "8"]
[EventCountry "FRA"]
[SourceTitle "EXT 1997"]
[Source "ChessBase"]
[SourceDate "1996.11.15"]
[SourceVersion "1"]
[SourceVersionDate "1996.11.15"]
[SourceQuality "1"]

1. d4 Nf6 2. c4 g6 3. Nc3 Bg7 4. e4 d6 5. Nf3 0-0 6. Be2 e5 7. dxe5 dxe5 8. Qxd8 Rxd8 9. Bg5 c6 10. Nxe5 Re8 11. 0-0-0 Nxe4 12. Nxe4 Bxe5 13. Rhe1 Bf5 14. Nc5 b6 15. Nd3 Nd7 16. Bf3 Rac8 17. Nb4 Nb8 18. g4 a5 19. gxf5 axb4 20. Bg4 f6 21. Be3 g5 22. Bxb6 Bxh2 23. Re6 Be5 24. Kc2 c5 25. Bxc5 Nc6 26. Bh5 Rxe6 27. fxe6 Rc7 28. Kb3 Kg7 29. Bf3 Ne7 30. Bxb4 f5 31. a4 Kf6 32. Rh1 Ng6 33. Bd5 Nf4 34. e7 Rxe7 35. Bxe7+ Kxe7 36. Rxh7+ 1-0

[Event "Baden-Baden op"]
[Site "Baden-Baden"]
[Date "1991.??.??"]
[Round "5"]
[White "Gaprindashvili, Nona"]
[Black "Rocher, Olivier"]
[Result "1-0"]
[WhiteElo "2425"]
[BlackElo "2260"]
[PlyCount "67"]
[EventDate "1991.07.??"]
[EventType "swiss"]
[EventRounds "9"]
[EventCountry "GER"]
[SourceTitle "GER"]
[Source "ChessBase"]
[SourceDate "1999.07.01"]
[SourceVersion "1"]
[SourceVersionDate "1999.07.01"]
[SourceQuality "1"]

1. d4 Nf6 2. c4 g6 3. Nc3 Bg7 4. e4 d6 5. Be2 0-0 6. Bg5 h6 7. Be3 e5 8. d5 Nh7 9. Qd2 h5 10. 0-0-0 f5 11. exf5 Bxf5 12. Nf3 Nd7 13. h3 Ndf6 14. Ng5 Nxg5 15. Bxg5 Qe8 16. Rdg1 Ne4 17. Nxe4 Bxe4 18. Qe3 Bf5 19. g4 hxg4 20. hxg4 Bd7 21. Bh6 Qf7 22. Rg2 Bxh6 23. Rxh6 Kg7 24. Bd3 Qf4 25. Rxg6+ Kf7 26. Qxf4+ exf4 27. g5 Rh8 28. Rf6+ Kg7 29. Rxf4 Rh1+ 30. Kd2 Re8 31. Rg3 Ree1 32. Re3 Rxe3 33. Kxe3 Rg1 34. Rh4 1-0

[Event "Budapest op"]
[Site "Budapest"]
[Date "1991.??.??"]
[Round "?"]
[White "Lehmann, Zoltan"]
[Black "Rocher, Olivier"]
[Result "1/2-1/2"]
[WhiteElo "2245"]
[BlackElo "2260"]
[PlyCount "75"]
[EventDate "1991.??.??"]
[EventType "swiss"]
[EventRounds "9"]
[EventCountry "HUN"]
[SourceTitle "EXT 2004"]
[Source "ChessBase"]
[SourceDate "2003.11.25"]
[SourceVersion "1"]
[SourceVersionDate "2003.11.25"]
[SourceQuality "1"]

1. d4 Nf6 2. c4 g6 3. Nc3 Bg7 4. e4 d6 5. Nf3 0-0 6. Be2 e5 7. 0-0 Nc6 8. Be3 Re8 9. dxe5 dxe5 10. h3 Be6 11. c5 a6 12. Qa4 Re7 13. Rfd1 Qe8 14. Rd2 h6 15. Nd5 Bxd5 16. exd5 Nd4 17. Qxe8+ Raxe8 18. d6 Rd7 19. Nxd4 exd4 20. Rxd4 Ne4 21. Rb4 Nxc5 22. Bg4 f5 23. Bxc5 cxd6 24. Bxf5 gxf5 25. Be3 Re4 26. Rxe4 fxe4 27. Rd1 d5 28. Bd4 Bxd4 29. Rxd4 Kf7 30. f3 exf3 31. Rf4+ Ke6 32. Rxf3 Ke5 33. Kf2 Rc7 34. Rc3 Rf7+ 35. Ke2 Rg7 36. Re3+ Kd4 37. Rd3+ Kc4 38. Rc3+ 1/2-1/2

[Event "Strasbourg op"]
[Site "Strasbourg"]
[Date "1991.??.??"]
[Round "3"]
[White "Rocher, Olivier"]
[Black "Roos, Daniel"]
[Result "0-1"]
[WhiteElo "2180"]
[BlackElo "2380"]
[PlyCount "62"]
[EventDate "1991.??.??"]
[EventType "swiss"]
[EventRounds "9"]
[EventCountry "FRA"]
[SourceTitle "EXT 1997"]
[Source "ChessBase"]
[SourceDate "1996.11.15"]
[SourceVersion "1"]
[SourceVersionDate "1996.11.15"]
[SourceQuality "1"]

1. c4 Nf6 2. Nc3 d5 3. cxd5 Nxd5 4. e4 Nxc3 5. dxc3 Qxd1+ 6. Kxd1 e5 7. Be3 Nd7 8. Nf3 f6 9. Bc4 Bc5 10. Re1 Bxe3 11. Rxe3 Nb6 12. Bb3 a5 13. a3 Ke7 14. Nd2 Bd7 15. Rc1 Rhd8 16. Ke2 Bb5+ 17. c4 Ba6 18. Rg3 Kf8 19. Rh3 h6 20. Rcc3 Nd7 21. Bc2 b6 22. Ba4 Nc5 23. Bc6 Rab8 24. b4 Ne6 25. Ke1 Nf4 26. Rhg3 axb4 27. axb4 Bb7 28. Ba4 Ra8 29. Bc2 Ra1+ 30. Nb1 Rd4 31. f3 g5 0-1